[Event "Tournoi Skype 026B"]
[Site "Skype"]
[Date "????.??.??"]
[Round "1.1"]
[White "Reese, Evan"]
[Black "Bendre, Pankaj"]
[Result "0-1"]
[WhiteElo "1217"]
[BlackElo "1461"]
[PlyCount "78"]

1. e4 c5 2. Nc3 e6 3. Nf3 a6 4. Bc4 b5 5. Be2 Nc6 6. O-O Qc7 7. d3 Nf6 8. h3
Be7 9. a3 O-O 10. Be3 Rd8 11. Qd2 d5 12. exd5 exd5 13. Bf4 Bd6 14. Bxd6 Rxd6
15. Rfe1 d4 16. Ne4 Nxe4 17. dxe4 Re6 18. Ng5 Re8 19. Bd1 Ne5 20. b4 cxb4 21.
Qxd4 bxa3 22. Rxa3 Rd8 23. Qe3 Nc4 24. Rc3 Nxe3 25. Rxc7 Nxd1 26. Nxf7 Rd2 27.
e5 Be6 28. Ng5 Bc4 29. e6 Re8 30. e7 Nc3 31. Kh2 Ne2 32. f4 Rd4 33. Rc6 Rxf4
34. Rd6 Rxe7 35. g3 Rf8 36. h4 a5 37. Kh3 h6 38. Ne6 Rfe8 39. Rd2 Rxe6 0-1

[Event "Tournoi Skype 026B"]
[Site "Skype"]
[Date "????.??.??"]
[Round "1.2"]
[White "Zenini, Simone"]
[Black "Ruiz Gomez, Luz Alba"]
[Result "1-0"]
[WhiteElo "1458"]
[BlackElo "1211"]
[PlyCount "69"]

1. d4 Nf6 2. Nf3 d5 3. c4 e6 4. Bf4 Nbd7 5. Nc3 c6 6. e3 Be7 7. Bd3 O-O 8. O-O
Nh5 9. Bg3 Nxg3 10. fxg3 b6 11. Qc2 Nf6 12. Rad1 Bd7 13. e4 dxc4 14. Bxc4 Qc7
15. Bd3 g6 16. Qd2 Kg7 17. Rf2 Ng4 18. Rff1 Bc8 19. e5 Bb7 20. Qf4 Nh6 21. h4
a5 22. g4 Ba6 23. Bxa6 Rxa6 24. h5 Qd8 25. Ne4 Ng8 26. hxg6 fxg6 27. Qh2 h6 28.
Qh3 Bg5 29. Nfxg5 hxg5 30. Rxf8 Kxf8 31. Qh7 Qe7 32. Rf1+ Ke8 33. Qxg8+ Kd7 34.
Rf7 Qxf7 35. Qxf7+ 1-0

[Event "Tournoi Skype 026B"]
[Site "Skype"]
[Date "????.??.??"]
[Round "1.3"]
[White "Porcabeuf, Jean-Marc"]
[Black "Couto, Januario"]
[Result "0-1"]
[WhiteElo "1208"]
[BlackElo "1448"]
[PlyCount "70"]

1. e4 d5 2. exd5 Qxd5 3. Nc3 Qd6 4. Nf3 a6 5. Be2 Nf6 6. d4 Bf5 7. O-O e6 8.
Be3 Nc6 9. h3 Be7 10. Bd3 Bxd3 11. Qxd3 O-O 12. Ng5 Nb4 13. Qd2 Nbd5 14. Nxd5
Nxd5 15. Nf3 Nxe3 16. Qxe3 Rad8 17. c3 c5 18. Rad1 cxd4 19. cxd4 Bf6 20. Rfe1
Rd7 21. Rd3 Rfd8 22. Red1 Qb4 23. a3 Qxb2 24. d5 Rxd5 25. Rxd5 exd5 26. Rxd5
Rc8 27. Rd1 Qc3 28. Qe2 Qxa3 29. Nh2 Qe7 30. Qg4 Re8 31. Nf3 g6 32. Re1 Qd8 33.
Rxe8+ Qxe8 34. Qc4 b5 35. Nd2 bxc4 0-1

[Event "Tournoi Skype 026B"]
[Site "Skype"]
[Date "????.??.??"]
[Round "1.4"]
[White "Rivalta, Paolo"]
[Black "Conde, Carmen"]
[Result "0-1"]
[WhiteElo "1440"]
[BlackElo "1201"]
[PlyCount "50"]

1. e4 e5 2. c4 Bc5 3. Nf3 Nc6 4. d3 Nf6 5. Be3 Bb4+ 6. Bd2 a5 7. Be2 h6 8. O-O
O-O 9. Nc3 d6 10. Nb5 Bc5 11. Qa4 Bd7 12. Be3 Bb4 13. a3 Nh5 14. axb4 axb4 15.
Qb3 Rb8 16. d4 Qf6 17. Rfd1 Qg6 18. dxe5 Bh3 19. Nh4 Qxe4 20. Bxh5 Qxh4 21. Bf3
Be6 22. Nxc7 Bxc4 23. Qc2 Nxe5 24. Ra5 b3 25. Ra7 bxc2 0-1

[Event "Tournoi Skype 026B"]
[Site "Skype"]
[Date "????.??.??"]
[Round "1.5"]
[White "Le Bouill, Pierre"]
[Black "Cayo, Ana Carolina"]
[Result "1/2-1/2"]
[WhiteElo "1198"]
[BlackElo "1438"]
[PlyCount "55"]

1. Nf3 d5 2. c4 dxc4 3. Qa4+ c6 4. Qxc4 Nf6 5. g3 Bf5 6. d3 e6 7. Bg2 Be7 8. b3
O-O 9. O-O Nbd7 10. Bb2 Nb6 11. Qc1 Rc8 12. Na3 c5 13. Rd1 Nbd7 14. Nh4 Bg4 15.
Qd2 e5 16. Bxb7 Rc7 17. Bf3 Bxf3 18. Nxf3 Bd6 19. Nc4 Qe7 20. Nxd6 Qxd6 21.
Rac1 Re8 22. e3 Qe6 23. Ng5 Qe7 24. f4 exf4 25. exf4 Qe3+ 26. Qf2 Ng4 27. Qxe3
Rxe3 28. Re1 1/2-1/2

[Event "Tournoi Skype 026B"]
[Site "Skype"]
[Date "????.??.??"]
[Round "1.6"]
[White "Galani, Mahendra"]
[Black "Yilmazer, Seher"]
[Result "1-0"]
[WhiteElo "1437"]
[BlackElo "1295"]
[PlyCount "41"]

1. e4 c5 2. Ne2 Nf6 3. Ng3 e5 4. Be2 Nc6 5. c3 g6 6. d3 d5 7. exd5 Qxd5 8. Bf3
e4 9. Nxe4 Qe6 10. O-O Bd7 11. Re1 O-O-O 12. Nxc5 Qf5 13. Ne4 Be7 14. Be3 Ne5
15. Be2 Bc6 16. Ng3 Qd7 17. Bxa7 Qd5 18. f3 Nxf3+ 19. Bxf3 Qxd3 20. Bg4+ Nd7
21. Qxd3 1-0

[Event "Tournoi Skype 026B"]
[Site "Skype"]
[Date "????.??.??"]
[Round "1.7"]
[White "Yanez, Leticia Jorgelina"]
[Black "Ortiz, Vladimir"]
[Result "0-1"]
[WhiteElo "1181"]
[BlackElo "1432"]
[PlyCount "72"]

1. d4 Nf6 2. c4 e6 3. Nf3 d5 4. e3 Nbd7 5. Nc3 Bb4 6. Bd3 dxc4 7. Bxc4 Ne4 8.
O-O Nxc3 9. bxc3 Bxc3 10. Ba3 Bxa1 11. Qxa1 Nb6 12. Ne5 Nxc4 13. Nxc4 Bd7 14.
d5 Bb5 15. Qxg7 Bxc4 16. Qxh8+ Kd7 17. dxe6+ Kxe6 18. Qxh7 Bxf1 19. Qe4+ Kd7
20. Qg4+ Kc6 21. Kxf1 Qd3+ 22. Ke1 Qxa3 23. Qc4+ Qc5 24. Qe4+ Kb6 25. Qb1+ Qb5
26. Qxb5+ Kxb5 27. h4 Rd8 28. Ke2 c5 29. f4 c4 30. f5 c3 31. f6 c2 32. Kf3 c1=Q
33. a4+ Kxa4 34. g4 Qc6+ 35. e4 Rd3+ 36. Kf4 Qxf6# 0-1

[Event "Tournoi Skype 026B"]
[Site "Skype"]
[Date "????.??.??"]
[Round "1.9"]
[White "Maccaferri, Massimo"]
[Black "Munoz Gonzalez, Martin"]
[Result "0-1"]
[WhiteElo "1160"]
[BlackElo "1405"]
[PlyCount "32"]

1. e4 d6 2. Bc4 Nf6 3. Nf3 Nxe4 4. d3 Nf6 5. Ng5 e6 6. b3 Bd7 7. h4 h6 8. Ne4
Bc6 9. Nbc3 d5 10. Bb5 dxe4 11. Bxc6+ Nxc6 12. dxe4 Qxd1+ 13. Nxd1 Nxe4 14. Bb2
Nb4 15. Ne3 O-O-O 16. c3 Nd3+ 0-1

[Event "Tournoi Skype 026B"]
[Site "Skype"]
[Date "????.??.??"]
[Round "1.10"]
[White "Gerbaux, Regis"]
[Black "Cengiz, Ali Ekber"]
[Result "1-0"]
[WhiteElo "1404"]
[BlackElo "1153"]
[PlyCount "67"]

1. d4 d5 2. Bf4 Nc6 3. e3 a6 4. c3 Nf6 5. Nd2 Bf5 6. Ngf3 h6 7. Nh4 Bh7 8. Qe2
g5 9. Bg3 gxh4 10. Bxh4 Bg7 11. g4 e6 12. f4 Ne7 13. Bg2 Rg8 14. Rg1 Bh8 15. h3
Qd7 16. Bxf6 Bxf6 17. Nf3 O-O-O 18. Bh1 Bh4+ 19. Nxh4 Nc6 20. O-O-O Na5 21. g5
hxg5 22. fxg5 Qa4 23. a3 Qb3 24. e4 dxe4 25. Qg4 Kb8 26. Qe2 Nc4 27. g6 fxg6
28. Nxg6 Bxg6 29. Bxe4 e5 30. Bh1 exd4 31. cxd4 Bd3 32. Rxd3 Qa2 33. Rc3 Nxa3
34. Rxa3 1-0

[Event "Tournoi Skype 026B"]
[Site "Skype"]
[Date "????.??.??"]
[Round "1.11"]
[White "Ramirez, Luis Antonio"]
[Black "Duthoit, Bernard"]
[Result "0-1"]
[WhiteElo "1139"]
[BlackElo "1378"]
[PlyCount "62"]

1. e4 e6 2. d4 d5 3. e5 c5 4. c3 Nc6 5. Nf3 a6 6. Bg5 Be7 7. Bxe7 Qxe7 8. Bd3
cxd4 9. cxd4 Qb4+ 10. Nc3 Qxb2 11. Qc1 Qxc1+ 12. Rxc1 Nge7 13. O-O O-O 14. g4
Ng6 15. Bb1 b5 16. Ng5 h6 17. Nh3 Bd7 18. g5 Nxd4 19. gxh6 b4 20. Rfe1 Nf3+ 21.
Kg2 Nxe1+ 22. Rxe1 bxc3 23. Ng5 gxh6 24. Nf3 Bc6 25. Nd4 Rac8 26. Re3 c2 27.
Bxc2 Ba8 28. Bd3 Nf4+ 29. Kf1 Rc1+ 30. Re1 Rxe1+ 31. Kxe1 Nxd3+ 0-1

[Event "Tournoi Skype 026B"]
[Site "Skype"]
[Date "????.??.??"]
[Round "1.12"]
[White "Luna Perez Vico, Lorenzo"]
[Black "De Fazio, Monica"]
[Result "1-0"]
[WhiteElo "1376"]
[BlackElo "1136"]
[PlyCount "37"]

1. e4 e5 2. Nf3 Nf6 3. Nc3 g6 4. d4 Nc6 5. d5 Ne7 6. Nxe5 c6 7. d6 Neg8 8. Bc4
Bh6 9. Nxf7 Qa5 10. Nxh6 Nxh6 11. Bxh6 b5 12. Bg7 Qb4 13. Bxh8 Qxb2 14. Bxf6
Qxc3+ 15. Bxc3 bxc4 16. Qd4 Ba6 17. Qh8+ Kf7 18. Qg7+ Ke6 19. Qe7# 1-0

[Event "Tournoi Skype 026B"]
[Site "Skype"]
[Date "????.??.??"]
[Round "1.13"]
[White "Homme, Jim"]
[Black "Amato, Ludovica"]
[Result "0-1"]
[WhiteElo "1135"]
[BlackElo "1368"]
[PlyCount "44"]

1. Nf3 d5 2. d4 Nf6 3. e3 a6 4. Bd3 Nbd7 5. O-O c5 6. c3 Qc7 7. Nbd2 e5 8. dxe5
Nxe5 9. Nxe5 Qxe5 10. Nf3 Qc7 11. Re1 Be7 12. c4 O-O 13. cxd5 Nxd5 14. Bc4 Nf6
15. e4 Bg4 16. h3 Rad8 17. Qc2 Bxf3 18. gxf3 Nh5 19. Be3 Nf4 20. Bxf4 Qxf4 21.
Qe2 Rd2 22. Rad1 Rxe2 0-1

[Event "Tournoi Skype 026B"]
[Site "Skype"]
[Date "????.??.??"]
[Round "1.14"]
[White "Vincent, Andre"]
[Black "Baker, Abi"]
[Result "0-1"]
[WhiteElo "1358"]
[BlackElo "1125"]
[PlyCount "48"]

1. d4 d5 2. Bf4 Nf6 3. Nd2 g6 4. c3 Bg7 5. e3 O-O 6. Bd3 Nbd7 7. Ngf3 c5 8. b3
Nb6 9. Ne5 Bd7 10. h4 Rc8 11. Rc1 a6 12. Ndf3 Bb5 13. c4 dxc4 14. bxc4 Ba4 15.
Qe2 cxd4 16. exd4 Nbd7 17. g4 Qa5+ 18. Bd2 Qb6 19. Rb1 Qe6 20. Ng5 Qd6 21. Rxb7
Qxd4 22. O-O Nxe5 23. Rxe7 Nxd3 24. h5 Nxg4 0-1

[Event "Tournoi Skype 026B"]
[Site "Skype"]
[Date "????.??.??"]
[Round "1.15"]
[White "Barrionuevo, Hilario"]
[Black "De Coninck, Philippe"]
[Result "0-1"]
[WhiteElo "1106"]
[BlackElo "1352"]
[PlyCount "36"]

1. d4 e5 2. Nf3 exd4 3. Nxd4 Bc5 4. Nf3 Nf6 5. Bg5 h6 6. Bh4 c6 7. e3 d5 8. c3
Nbd7 9. Nbd2 Qc7 10. Bg3 Bd6 11. Bd3 O-O 12. c4 b6 13. cxd5 cxd5 14. Rc1 Nc5
15. b4 Nxd3+ 16. Ke2 Nxc1+ 17. Qxc1 Ba6+ 18. Ke1 Qxc1# 0-1

[Event "Tournoi Skype 026B"]
[Site "Skype"]
[Date "????.??.??"]
[Round "1.16"]
[White "Mantelli, Luca"]
[Black "Dib, Catherine"]
[Result "1-0"]
[WhiteElo "1347"]
[BlackElo "1099"]
[PlyCount "103"]

1. e4 c5 2. Nc3 Nf6 3. e5 Ng8 4. f4 d6 5. Bc4 e6 6. Nf3 Nc6 7. O-O Nh6 8. Qe1
Nf5 9. d3 Be7 10. Ne2 Nb4 11. Bb3 Bd7 12. Ng3 O-O 13. Nxf5 exf5 14. d4 Bb5 15.
Rf2 c4 16. c3 Nd3 17. Qe2 Nxf2 18. Bxc4 Bc6 19. Qxf2 a6 20. Be3 Rc8 21. Bd3 g6
22. Qg3 Qd7 23. Ng5 h6 24. Nh3 Qe6 25. b3 Kg7 26. Nf2 b5 27. h4 Kh7 28. Qh3 Rg8
29. Be2 f6 30. a4 Qxb3 31. axb5 Bxb5 32. Rc1 Bxe2 33. exd6 Qb2 34. dxe7 Rxc3
35. d5 Rxc1+ 36. Bxc1 Qxc1+ 37. Kh2 Re8 38. d6 Qc6 39. Qa3 Rc8 40. Qxa6 Bxa6
41. g4 Qf3 42. d7 Qxf2+ 43. Kh3 Rd8 44. exd8=Q Qf1+ 45. Kg3 Qg1+ 46. Kf3 Qf1+
47. Ke3 Qe2+ 48. Kd4 Qd3+ 49. Kc5 Qc4+ 50. Kd6 Qd4+ 51. Ke7 Qe5+ 52. fxe5 1-0

[Event "Tournoi Skype 026B"]
[Site "Skype"]
[Date "????.??.??"]
[Round "1.17"]
[White "Alverson, Ginny"]
[Black "Santos, Joselito"]
[Result "0-1"]
[WhiteElo "1083"]
[BlackElo "1346"]
[PlyCount "60"]

1. Nf3 e5 2. Nxe5 d6 3. Nf3 Nf6 4. d4 Bd7 5. Nc3 Be7 6. d5 O-O 7. e4 Bg4 8. Be2
Bxf3 9. Bxf3 Nbd7 10. O-O Ne5 11. Bf4 Nxf3+ 12. Qxf3 Nd7 13. Rfe1 Bf6 14. e5
dxe5 15. Bg5 Bxg5 16. Ne4 Re8 17. Qf5 h6 18. d6 c6 19. Nxg5 hxg5 20. Re4 g6 21.
Qh3 Nf6 22. Re3 Qxd6 23. Qh6 g4 24. h3 Rad8 25. Rd3 Qe6 26. Rxd8 Rxd8 27. hxg4
Qxg4 28. Re1 Rd1 29. Rxd1 Qxd1+ 30. Kh2 Ng4+ 0-1

[Event "Tournoi Skype 026B"]
[Site "Skype"]
[Date "????.??.??"]
[Round "1.18"]
[White "Franca, Diego"]
[Black "Conde, Abigail"]
[Result "1-0"]
[WhiteElo "1331"]
[BlackElo "1068"]
[PlyCount "55"]

1. d4 d5 2. g3 Nf6 3. Bg2 e6 4. Nf3 c5 5. e3 a6 6. O-O Nc6 7. Nbd2 Bd6 8. c4
O-O 9. b3 b5 10. Bb2 e5 11. dxe5 Nxe5 12. Nxe5 Be6 13. cxd5 Bxd5 14. Ndf3 Be4
15. Ng5 Qe7 16. Nxe4 Bxe5 17. Nxf6+ Qxf6 18. Bxe5 Qxe5 19. Bxa8 Rxa8 20. Qf3
Rc8 21. Rac1 a5 22. a4 bxa4 23. bxa4 c4 24. Rc2 c3 25. Qb7 Rb8 26. Qc6 Rc8 27.
Qxc8+ Qe8 28. Qxe8# 1-0

[Event "Tournoi Skype 026B"]
[Site "Skype"]
[Date "????.??.??"]
[Round "1.19"]
[White "Mimouni, Driss"]
[Black "Torres, Vicky"]
[Result "0-1"]
[WhiteElo "1052"]
[BlackElo "1327"]
[PlyCount "72"]

1. e4 c5 2. Nf3 Nc6 3. d3 Nf6 4. Be2 e5 5. O-O d5 6. Nc3 Be6 7. Bg5 Be7 8. Na4
dxe4 9. dxe4 Nxe4 10. Qxd8+ Rxd8 11. Bxe7 Kxe7 12. Nxc5 Nxc5 13. c3 e4 14. Rfd1
exf3 15. Rxd8 Rxd8 16. Bxf3 Rd2 17. b4 Nd3 18. Rf1 Rxa2 19. b5 Na5 20. Be4 Bc4
21. Bxh7 Bxb5 22. h4 g6 23. g4 Ne5 24. Re1 Be2 25. h5 Nxg4 26. hxg6 fxg6 27.
Bxg6 Kf6 28. Bb1 Rb2 29. Kg2 Nc4 30. Be4 Nce5 31. Bxb7 Bc4 32. Kg3 Nxf2 33. Rf1
Bxf1 34. c4 Nxc4 35. Kf4 Nh3+ 36. Kg4 Rxb7 0-1

[Event "Tournoi Skype 026B"]
[Site "Skype"]
[Date "????.??.??"]
[Round "1.20"]
[White "Sanchez Padilla, Armando Edilber"]
[Black "Trapletti, Cosetta"]
[Result "1-0"]
[WhiteElo "1324"]
[BlackElo "1047"]
[PlyCount "65"]

1. e4 g6 2. Nf3 d6 3. Bc4 Bg7 4. Ng5 Be6 5. Bxe6 fxe6 6. Nxe6 Qd7 7. Nxg7+ Kd8
8. d4 Nf6 9. d5 Nxe4 10. Ne6+ Kc8 11. Qf3 Qe8 12. Qxe4 Nd7 13. Nc3 Qf7 14. Nb5
Nc5 15. Nxc5 dxc5 16. Bg5 Rf8 17. O-O a6 18. Bxe7 Re8 19. Qg4+ Kb8 20. Nd6 cxd6
21. Bxd6+ Ka7 22. Bxc5+ b6 23. Be3 Qb7 24. Rad1 Rac8 25. c4 a5 26. d6 Red8 27.
d7 Rxc4 28. Qxc4 Rxd7 29. Rxd7 Qxd7 30. Qb3 Qb7 31. Rd1 Qa6 32. Rd7+ Ka8 33.
Qg8+ 1-0

[Event "Tournoi Skype 026B"]
[Site "Skype"]
[Date "????.??.??"]
[Round "1.21"]
[White "Swanepoel, Karel"]
[Black "Perez, Luis Horacio"]
[Result "1/2-1/2"]
[WhiteElo "1038"]
[BlackElo "1323"]
[PlyCount "110"]

1. e4 e5 2. Nf3 Nc6 3. Bb5 a6 4. Ba4 Nf6 5. c3 Nxe4 6. O-O Be7 7. Re1 d5 8.
Nxe5 O-O 9. Nf3 Bc5 10. d4 Bd6 11. Be3 Ne7 12. Nbd2 Nf6 13. h3 h6 14. Nf1 Nf5
15. Bf4 Bxf4 16. Qe2 Re8 17. Bxe8 Be6 18. Ba4 b5 19. Bb3 Rc8 20. N1h2 Nd6 21.
Ne5 Nde4 22. Rad1 c5 23. Nhf3 b4 24. Qxa6 bxc3 25. bxc3 Nxc3 26. Rc1 Bxc1 27.
Rxc1 Ne2+ 28. Qxe2 Ne4 29. Qb2 cxd4 30. Rxc8 Bxc8 31. Qxd4 Be6 32. Nc6 Qc7 33.
Nfe5 Kh7 34. Qd3 f6 35. f3 fxe5 36. fxe4 Qb6+ 37. Kh2 Qc7 38. exd5+ e4+ 39. Qg3
Qxg3+ 40. Kxg3 Bf7 41. Kf4 g5+ 42. Kxe4 Kg6 43. g4 h5 44. Ne7+ Kf6 45. d6 Be8
46. a4 hxg4 47. hxg4 Bd7 48. Kf3 Bc6+ 49. Nd5+ Ke6 50. Kg3 Kxd6 51. Nb6 Kc7 52.
a5 Kb7 53. Bc4 Kc7 54. Ba6 Kb8 55. Nc8 Bb7 1/2-1/2

[Event "Tournoi Skype 026B"]
[Site "Skype"]
[Date "????.??.??"]
[Round "1.22"]
[White "Malbec, Robert"]
[Black "Gagnon, Sindy"]
[Result "1-0"]
[WhiteElo "1322"]
[BlackElo "1032"]
[PlyCount "43"]

1. e4 e5 2. Nf3 Nf6 3. Nxe5 Nxe4 4. Bc4 Nc6 5. Nxf7 Qg5 6. Nxg5 Nxg5 7. O-O Bd6
8. d3 Ne5 9. Bxg5 b6 10. Bb3 Bb7 11. Qe1 h6 12. Bh4 g5 13. Bg3 O-O-O 14. Bxe5
Rde8 15. d4 h5 16. Qe2 Rhg8 17. Nd2 g4 18. g3 h4 19. Bxg8 Rxg8 20. Qc4 hxg3 21.
Qxg8+ Bf8 22. Qxf8# 1-0

[Event "Tournoi Skype 026B"]
[Site "Skype"]
[Date "????.??.??"]
[Round "1.23"]
[White "Schnell, Nicolas"]
[Black "Rosenkoetter, David"]
[Result "0-1"]
[WhiteElo "1006"]
[BlackElo "1322"]
[PlyCount "104"]

1. e4 c6 2. Nc3 d5 3. e5 Bf5 4. d3 e6 5. g4 Bg6 6. Nf3 d4 7. Ne4 Bb4+ 8. Ned2
c5 9. c4 Nc6 10. Bg2 Nge7 11. O-O Bxd3 12. Re1 Ng6 13. Ne4 Bxe1 14. Qxe1 Nf4
15. Bh1 Nh3+ 16. Kg2 Bxe4 17. Qxe4 Ng5 18. Nxg5 Qe7 19. Nf3 Rd8 20. Bg5 Qd7 21.
Bh4 d3 22. Qf4 h6 23. Kf1 d2 24. Rd1 Qd3+ 25. Kg1 Qe2 26. g5 Qxd1+ 27. Kg2
Qxf3+ 28. Qxf3 d1=Q 29. Qf4 Rd4 30. Qe3 Rg4+ 31. Bg3 h5 32. h3 Rxg3+ 33. Qxg3
h4 34. Qf4 Nd4 35. g6 Qf3+ 36. Qxf3 Nxf3 37. Kxf3 fxg6 38. Kg4 Rh5 39. Bxb7
Rxe5 40. Bc6+ Ke7 41. f4 Re1 42. Kxh4 Rg1 43. Bf3 Kf6 44. a3 Kf5 45. b4 Kxf4
46. Be2 g5+ 47. Kh5 Rg3 48. h4 gxh4 49. Kxh4 g6 50. bxc5 g5+ 51. Kh5 Kf5 52. c6
Rh3# 0-1

[Event "Tournoi Skype 026B"]
[Site "Skype"]
[Date "????.??.??"]
[Round "1.24"]
[White "Felippe E Silva, Glenda"]
[Black "Abate, Luigi"]
[Result "1-0"]
[WhiteElo "1314"]
[BlackElo "1000"]
[PlyCount "29"]

1. d4 d5 2. Nf3 Nf6 3. Bf4 e6 4. e3 Nc6 5. c3 Ng4 6. h3 Nh6 7. Bd3 f6 8. O-O
Nf5 9. Nbd2 g6 10. Re1 e5 11. dxe5 fxe5 12. Nxe5 g5 13. Bh2 Bd6 14. Qh5+ Ke7
15. Qf7# 1-0

[Event "Tournoi Skype 026B"]
[Site "Skype"]
[Date "????.??.??"]
[Round "1.25"]
[White "Aroucha, Abraao"]
[Black "Milanese, Serge"]
[Result "1-0"]
[WhiteElo "1000"]
[BlackElo "1311"]
[PlyCount "81"]

1. c4 e5 2. g3 Nf6 3. Bg2 c5 4. Nf3 Nc6 5. O-O Be7 6. d3 O-O 7. a3 d5 8. cxd5
Nxd5 9. Nbd2 a5 10. Qc2 Be6 11. Ne4 h6 12. Rb1 b6 13. Bd2 f5 14. Nxe5 Nxe5 15.
b4 fxe4 16. Bxe4 Bh3 17. Qb3 Be6 18. Bc3 Nc7 19. Qb2 Bd5 20. Bxe5 Bxe4 21. Bxg7
Bf6 22. Bxf6 Rxf6 23. dxe4 a4 24. Qe5 Na6 25. Rbd1 Qf8 26. Qd5+ Kg7 27. Qd7+
Kg6 28. f4 cxb4 29. Qg4+ Kh7 30. Rd7+ Rf7 31. axb4 Nxb4 32. Rxf7+ Qxf7 33. Rd1
Ra7 34. Rb1 Qc4 35. Qf5+ Kg7 36. Qe5+ Kg6 37. Qd6+ Kh5 38. Qxb6 Rc7 39. h3 Rd7
40. Qf6 Qc5+ 41. Kf1 1-0

[Event "Tournoi Skype 026B"]
[Site "Skype"]
[Date "????.??.??"]
[Round "1.26"]
[White "Borg, Anthony"]
[Black "Cayllahua, Braulio Idme"]
[Result "0-1"]
[WhiteElo "1304"]
[BlackElo "1000"]
[PlyCount "36"]

1. d4 d5 2. Nc3 c6 3. Bf4 e6 4. Qd2 g6 5. O-O-O Bg7 6. h4 Nf6 7. f3 b5 8. g4 a5
9. h5 a4 10. a3 Nbd7 11. hxg6 Bf8 12. gxf7+ Kxf7 13. g5 Ng8 14. Bh3 b4 15. Ne4
dxe4 16. fxe4 bxa3 17. bxa3 Bxa3+ 18. Kb1 Qb6+ 0-1

[Event "Tournoi Skype 026B"]
[Site "Skype"]
[Date "????.??.??"]
[Round "1.27"]
[White "Clayton, Estelita"]
[Black "De Nobrega, George"]
[Result "0-1"]
[WhiteElo "1000"]
[BlackElo "1301"]
[PlyCount "60"]

1. d4 Nf6 2. e3 d5 3. c4 a6 4. Nc3 Bf5 5. a3 e6 6. g3 Be7 7. Bg2 c6 8. Qb3 Qc7
9. cxd5 cxd5 10. Bxd5 exd5 11. Nxd5 Nxd5 12. Qxd5 Qc6 13. Qxf5 Qxh1 14. Qc8+
Bd8 15. Kd2 O-O 16. Nf3 Ba5+ 17. b4 Rxc8 18. bxa5 Qxf3 19. Ke1 Qh1+ 20. Ke2
Qxh2 21. Bb2 Rc2+ 22. Kf3 Rxf2+ 23. Kg4 Rxb2 24. Rf1 Qe2+ 25. Rf3 Qxf3+ 26.
Kxf3 Nc6 27. Kg4 Rd8 28. Kf4 Nxd4 29. exd4 Rxd4+ 30. Ke3 Ra4 0-1

[Event "Tournoi Skype 026B"]
[Site "Skype"]
[Date "????.??.??"]
[Round "1.28"]
[White "Moumtaz, Abderrahim"]
[Black "Clemente Alcahua, Kaparso"]
[Result "1-0"]
[WhiteElo "1295"]
[BlackElo "1000"]
[PlyCount "86"]

1. d4 Nf6 2. c4 e6 3. Nc3 c6 4. e4 d5 5. e5 Ne4 6. Qc2 Bb4 7. a3 Bxc3+ 8. bxc3
O-O 9. Nf3 Nd7 10. Bd3 f5 11. exf6 Qxf6 12. Bxe4 dxe4 13. Qxe4 Qf5 14. Qxf5
exf5 15. O-O f4 16. Re1 g5 17. Nxg5 h6 18. Nh3 f3 19. gxf3 Rxf3 20. Re3 Ne5 21.
dxe5 Rxe3 22. Bxe3 Bxh3 23. Bxh6 Kh7 24. Kh1 Kxh6 25. Rg1 Bf5 26. Rg3 Re8 27.
Re3 b5 28. cxb5 cxb5 29. f4 Rd8 30. e6 Rd1+ 31. Kg2 Rd2+ 32. Kg3 Bxe6 33. Rxe6+
Kh5 34. Re5+ Kg6 35. Rxb5 Rd3+ 36. Kg4 Rxc3 37. f5+ Kf6 38. Ra5 Rc7 39. h4 Rg7+
40. Kf4 Rh7 41. Ra6+ Kg7 42. Rxa7+ Kh6 43. Rxh7+ Kxh7 1-0

[Event "Tournoi Skype 026B"]
[Site "Skype"]
[Date "????.??.??"]
[Round "1.30"]
[White "Mhabdi, Mahesh"]
[Black "Hampton, Irene"]
[Result "1-0"]
[WhiteElo "1287"]
[BlackElo "1000"]
[PlyCount "49"]

1. e4 e5 2. Nc3 Qf6 3. Bc4 Bc5 4. Nh3 Ne7 5. d3 d6 6. Bg5 Qg6 7. Nb5 O-O 8.
Bxe7 Nc6 9. Bxf8 Bxh3 10. gxh3 Qg2 11. Kd2 Qxf2+ 12. Kc3 Bb4+ 13. Kb3 a5 14. a3
a4+ 15. Ka2 Rxf8 16. Qg4 Nd4 17. Rhg1 g6 18. Raf1 Qxc2 19. Bxf7+ Kg7 20. Nxd4
Qd2 21. Ne6+ Kh8 22. Nxf8 Kg7 23. Ne6+ Kh8 24. Bxg6 Bc3 25. Rf8# 1-0

[Event "Tournoi Skype 026B"]
[Site "Skype"]
[Date "????.??.??"]
[Round "1.31"]
[White "Jimenez Cabrera, Rodolfo"]
[Black "Farfallini, Michel"]
[Result "0-1"]
[WhiteElo "1000"]
[BlackElo "1283"]
[PlyCount "62"]

1. d4 d5 2. c4 e6 3. Nc3 Bb4 4. Bd2 Nf6 5. a3 Ba5 6. e3 O-O 7. Nf3 Nbd7 8. Be2
c6 9. O-O Bc7 10. h3 e5 11. dxe5 Nxe5 12. Nxe5 Bxe5 13. f4 Bc7 14. cxd5 Nxd5
15. Bg4 Nf6 16. e4 Nxg4 17. hxg4 Bb6+ 18. Rf2 Qh4 19. Qf3 Bxg4 20. g3 Rad8 21.
Be1 Bxf3 22. gxh4 Rd3 23. Kh2 Bxf2 24. Bxf2 Rd2 25. Kg3 Rd3 26. f5 Bxe4+ 27.
Kf4 Bf3 28. Bxa7 Re8 29. Rf1 Bh5 30. Ne4 f6 31. Rg1 Rf3# 0-1

[Event "Tournoi Skype 026B"]
[Site "Skype"]
[Date "????.??.??"]
[Round "1.32"]
[White "Erten, Ozlem"]
[Black "Luunge, Abdi"]
[Result "1-0"]
[WhiteElo "1278"]
[BlackElo "1000"]
[PlyCount "45"]

1. d4 e6 2. e4 Nc6 3. Nf3 Nf6 4. Bd3 Be7 5. e5 Nxd4 6. exf6 Bxf6 7. Nxd4 Bxd4
8. O-O O-O 9. Bxh7+ Kxh7 10. Qxd4 g6 11. b3 d6 12. Bb2 e5 13. Qe3 Qf6 14. Bc1
Rh8 15. Nc3 Qh4 16. Qg3 Qd4 17. Rd1 Qg4 18. Qxg4 Bxg4 19. Re1 Bf5 20. Re2 Kg7
21. Nd5 Rh5 22. f3 Rah8 23. g4 1-0

[Event "Tournoi Skype 026B"]
[Site "Skype"]
[Date "????.??.??"]
[Round "1.33"]
[White "Marty, Yvette"]
[Black "Hernandez Lopez, Joaquin"]
[Result "0-1"]
[WhiteElo "1000"]
[BlackElo "1277"]
[PlyCount "50"]

1. e4 c5 2. Nf3 e6 3. e5 Nc6 4. d4 cxd4 5. Nxd4 Bc5 6. Nb3 Bb6 7. N3d2 Nxe5 8.
Nf3 Qf6 9. Be2 a6 10. O-O Ba7 11. Bd3 Nxf3+ 12. gxf3 Qh4 13. Kg2 Bb8 14. f4 g5
15. fxg5 Qxh2+ 16. Kf3 Ne7 17. Nd2 Nd5 18. Ne4 Nf4 19. Ke3 Rg8 20. c3 Rxg5 21.
Nxg5 Ng2+ 22. Kd4 Qe5+ 23. Kc4 Qd5+ 24. Kb4 a5+ 25. Ka4 b5+ 0-1

[Event "Tournoi Skype 026B"]
[Site "Skype"]
[Date "????.??.??"]
[Round "1.35"]
[White "Pasasin, Alejandro"]
[Black "Khatanhar, Mohit"]
[Result "0-1"]
[WhiteElo "1000"]
[BlackElo "1256"]
[PlyCount "104"]

1. e4 e5 2. Bc4 Be7 3. Nf3 d6 4. d3 h6 5. Nbd2 Nf6 6. Qe2 Nc6 7. c3 a6 8. a4
Bd7 9. Bb3 Qc8 10. Nf1 Na5 11. Bc2 Be6 12. N1d2 Bg4 13. b4 Nc6 14. O-O Nh5 15.
Nb3 O-O 16. Kh1 f5 17. h3 Bxf3 18. gxf3 Nf4 19. Bxf4 exf4 20. d4 fxe4 21. Bxe4
Qxh3+ 22. Kg1 Nd8 23. Nd2 c6 24. c4 Rf6 25. Rfe1 d5 26. cxd5 cxd5 27. Bxd5+ Kh8
28. Be4 Bxb4 29. Ra2 a5 30. Qf1 Qh5 31. Qg2 Rb8 32. Bd3 Nf7 33. Re2 Bxd2 34.
Raxd2 Ng5 35. Re3 Rc8 36. Rc2 Rfc6 37. Qg4 Qxg4+ 38. fxg4 Rxc2 39. Bxc2 fxe3
40. Bf5 exf2+ 41. Kxf2 Rc4 42. Ke3 Rxa4 43. Kd3 Rb4 44. Kc3 b5 45. d5 Nf7 46.
Be6 Nd6 47. Kd3 a4 48. Kc3 Rc4+ 49. Kb2 g5 50. Ka3 Kg7 51. Bf5 Kf8 52. Bd3 Rc3+
0-1

[Event "Tournoi Skype 026B"]
[Site "Skype"]
[Date "????.??.??"]
[Round "1.36"]
[White "Battaglia, Gabriele"]
[Black "Pourtahmasbi, Ednun"]
[Result "1-0"]
[WhiteElo "1243"]
[BlackElo "1000"]
[PlyCount "117"]

1. g3 e5 2. d3 Nf6 3. Bg2 Nc6 4. Nf3 d5 5. O-O Bg4 6. Nbd2 Bxf3 7. Bxf3 Bd6 8.
e4 dxe4 9. dxe4 Nd4 10. Bg2 Qd7 11. c3 Ne6 12. Bh3 O-O-O 13. Re1 g5 14. Bf5 h5
15. b4 h4 16. g4 h3 17. a4 Qe7 18. Qb3 c5 19. Nc4 Bc7 20. Bxg5 Kb8 21. Ne3 Nxg5
22. Re2 Nf3+ 23. Kh1 Rd2 24. Rxd2 Nxd2 25. Qc2 Rd8 26. Rd1 Nfxe4 27. Bxe4 Nxe4
28. Rxd8+ Qxd8 29. Qxe4 Qd2 30. Qf3 Qc1+ 31. Qd1 Qxc3 32. bxc5 Qxc5 33. Kg1 Qf8
34. Qf3 Bb6 35. Qxh3 Bxe3 36. fxe3 Qa3 37. Qg3 Qxa4 38. Qxe5+ Kc8 39. Qf5+ Qd7
40. Qc5+ Qc7 41. Qf8+ Qd8 42. Qxf7 Qd1+ 43. Qf1 Qxg4+ 44. Qg2 Qxg2+ 45. Kxg2 b5
46. Kf1 Kc7 47. h4 b4 48. Ke1 Kb6 49. h5 b3 50. Kd2 Kb5 51. Kc1 Ka4 52. Kb2 Kb4
53. h6 a5 54. h7 a4 55. h8=Q a3+ 56. Kb1 a2+ 57. Kb2 a1=Q+ 58. Kxa1 Ka3 59.
Qb2+ 1-0